|
|
|
|
| LEADER |
00000nam0a2200000 4500 |
| 001 |
155980 |
| 005 |
20231031152847.0 |
| 035 |
|
|
|a (RuTPU)RU\TPU\book\169169
|
| 090 |
|
|
|a 155980
|
| 100 |
|
|
|a 20090320d1962 d y0rusy50 ca
|
| 101 |
1 |
|
|a rus
|c rus
|
| 102 |
|
|
|a RU
|
| 105 |
|
|
|a a z 001ay
|
| 200 |
1 |
|
|a Саамские сказки
|e пер. с саамского
|f , запись, авт. предисл. и примеч. В. В. Чарнолуский
|
| 210 |
|
|
|a Москва
|c Государственное издательство художественной литературы
|d 1962
|
| 215 |
|
|
|a 303 с.
|c ил.
|
| 320 |
|
|
|a Библиогр.: с. 291-301
|
| 610 |
1 |
|
|a саамы
|
| 610 |
1 |
|
|a сказки
|
| 675 |
|
|
|a 89
|v 3
|
| 702 |
|
1 |
|a Чарнолуский
|b В. В.
|4 080
|
| 801 |
|
1 |
|a RU
|b 63413507
|c 20090320
|g PSBO
|
| 801 |
|
2 |
|a RU
|b 63413507
|c 20141030
|g RCR
|
| 942 |
|
|
|c BK
|